书目信息 |
| 题名: |
国际条约及常用国际惯例
|
|
| 作者: | ||
| 分册: | ||
| 出版信息: | 北京 法律出版社 2013.01 |
|
| 页数: | 609页 | |
| 开本: | 23cm | |
| 丛书名: | 中华人民共和国分类法典 | |
| 单 册: | ||
| 中图分类: | D99 | |
| 科图分类: | ||
| 主题词: | 国际条约--国际法--汇编 , 国际惯例--汇编 , 国际条约 , 国际法 , 国际惯例 | |
| 电子资源: | ||
| ISBN: | 978-7-5118-3960-2 | |
| 000 | 01240oam2 2200325 450 | |
| 001 | 005718496 | |
| 005 | 20130609082426.42 | |
| 010 | @a978-7-5118-3960-2@dCNY72.00 | |
| 035 | @a(A210000LPL)012004625352 | |
| 100 | @a20121212d2013 em y0chiy50 ea | |
| 101 | 0 | @achi |
| 102 | @aCN@b110000 | |
| 105 | @ay n 000yy | |
| 106 | @ar | |
| 200 | 1 | @a国际条约及常用国际惯例@9guo ji tiao yue ji chang yong guo ji guan li@dInternational treaties and international customs in common use@zeng |
| 205 | @a3版 | |
| 210 | @a北京@c法律出版社@d2013.01 | |
| 215 | @a609页@d23cm | |
| 225 | 2 | @a中华人民共和国分类法典@e应用版@i国际法编@v38 |
| 330 | @a本书涵盖国际条约及常用国际惯例,全面收录现行有效的法律、行政法规、司法解释,以及常用的部门规章、司法文件和请示复函。此外,为了方便读者理解和适用相关法律法规,对于重要的法律和行政法规还附有“条文注释”、“文书范本”和“典型案例”等内容。 | |
| 462 | 0 | @12001 @a中华人民共和国分类法典@i国际法编@v38 |
| 510 | 1 | @aInternational treaties and international customs in common use@zeng |
| 606 | 0 | @a国际条约@x国际法@j汇编 |
| 606 | 0 | @a国际惯例@j汇编 |
| 606 | 0 | @a国际条约 |
| 606 | 0 | @a国际法 |
| 606 | 0 | @a国际惯例 |
| 690 | @aD99@v5 | |
| 801 | 0 | @aCN@bNLC@c20121212 |
| 905 | @dD99@e100=3 | |
| 国际条约及常用国际惯例=International treaties and international customs in common use.-3版.-北京:法律出版社,2013.01 |
| 609页;23cm.-(中华人民共和国分类法典:应用版.国际法编;38) |
| ISBN 978-7-5118-3960-2:CNY72.00 |
| 本书涵盖国际条约及常用国际惯例,全面收录现行有效的法律、行政法规、司法解释,以及常用的部门规章、司法文件和请示复函。此外,为了方便读者理解和适用相关法律法规,对于重要的法律和行政法规还附有“条文注释”、“文书范本”和“典型案例”等内容。 |
| ● |
| 相关链接 |
|
|
|
|
正题名:国际条约及常用国际惯例
索取号:D99/100=3
 
预约/预借
| 序号 | 登录号 | 条形码 | 馆藏地/架位号 | 状态 | 备注 |
| 1 | 0545251 | 205452516 | 第一样本阅览室/ [索取号:D99/100=3] | 在馆 | |
| 2 | 0545252 | 205452525 | 第一借阅区/ [索取号:D99/100=3] | 在馆 | |
| 3 | 0545253 | 205452534 | 第一借阅区/ [索取号:D99/100=3] | 在馆 | |
| 4 | 0545254 | 205452543 | 第一借阅区/ [索取号:D99/100=3] | 在馆 | |
| 5 | 0545255 | 205452552 | 第一借阅区/ [索取号:D99/100=3] | 在馆 |